Normal view
MARC view
- GUPTA, ASHOK
Entry Personal Name
001 - CONTROL NUMBER
- control field: 74052
003 - CONTROL NUMBER IDENTIFIER
- control field: NUST
005 - DATE AND TIME OF LATEST TRANSACTION
- control field: 20210628205125.0
008 - FIXED-LENGTH DATA ELEMENTS
- fixed length control field: 210628|| aca||aabn | a|a d
040 ## - CATALOGING SOURCE
- Original cataloging agency: NUST
- Transcribing agency: NUST
100 ## - HEADING--PERSONAL NAME
- Personal name: GUPTA, ASHOK
670 ## - SOURCE DATA FOUND
- Source citation: Work cat.: (NUST): Hibbeler, R.C 1019, Engineering mechanics:statics and dynamcis,in si units, 2014
